000 00376nam a22001697a 4500
005 20160616100413.0
008 160616b xxu||||| |||| 00| 0 eng d
020 _a81-203-1437-9
041 _aeng
082 _b7897
100 _aDas Gupta, Vaswar
_92049
245 _aMarketing Mantra
260 _bPHI
_c2001
300 _a156
650 _aManagement
_9241
942 _cBK
999 _c2867
_d2866